00685nam a2200181Ia 450000500170000000800410001702000150005804000530007304100080012610000320013424500990016626000920026530000400035765000180039765000230041565000360043865000290047420180312143024.0130821s2003 xxu grff eng  a1580411290 aCo-BoUCMbspacLuz Cupitra (modificó)d[Nuevo]00aeng1 aRoseberry-McKibbin, Celeste10aAssessment of bilingual learners language difference or disorder?cCeleste Roseberry-McKibbin aRockville (Maryland, Estados Unidos)bAmerican Speech Language Hearing Associtionc2003 a175 páginase2VHS,1DVD.1 folleto.04aBilingüismo04aInglésvManuales04aInglésxEstudio y enseñanza04aLingüística aplicada